| 000 | 01199nac a22003617a 4500 | ||
|---|---|---|---|
| 001 | BR9700332 | ||
| 003 | BR-BrBNA | ||
| 005 | 20240105121904.0 | ||
| 008 | 230509b bl.|||m| |||| 00| 0 por d | ||
| 040 |
_aBR-BrBNA _bpor _cBiblioteca Nacional de Agricultura |
||
| 072 | _aF01; H10; H20 | ||
| 090 | _a0430 BR9700332 | ||
| 100 | 1 | _aBeltrao, N.E. de M. | |
| 100 | 1 | _aBezerra, J.R.C.(coord.) | |
| 110 | 1 |
_aCentro Nacional de Pesquisa do Algodao, Campina Grande, PB (Brasil) _91702 |
|
| 245 | 1 | _aRecomendacoes tecnicas para o cultivo do algodoeiro herbaceo de sequeiro e irrigado nas regioes Nordeste e Norte do Brasil | |
| 250 | 1 | _a2. ed. | |
| 260 | 3 |
_aCampina Grande, PB (Brasil): _c1994. |
|
| 300 | _a74 p. | ||
| 490 |
_aCircular Tecnica - Centro Nacional de Pesquisa de Algodao (Brazil) _vno. 17 _xISSN 0100-6460 |
||
| 650 | _aAlgodao Herbaceo | ||
| 650 | _aCultivo de Sequeiro | ||
| 650 | _aIrrigacao | ||
| 650 | _aBicudo | ||
| 650 | _aSuperbrotamento | ||
| 650 | _aFusariose | ||
| 650 | _aQueima da Saia | ||
| 650 | _aMancha de Alternaria | ||
| 650 | _aManejo | ||
| 650 | _aControle Quimico | ||
| 909 |
_a202312 _bLúcia Elande _c55 _dLúcia Elande |
||
| 942 |
_2AGRIS _n0 _cMS |
||
| 999 |
_c288056 _d288056 |
||